Information technology in 21st century (in 9 Volumes) Ethical and societal challenge of cyberspace. Volume.6 (Record no. 61628)
[ view plain ]
| 000 -LEADER | |
|---|---|
| fixed length control field | 00767nam a22002177a 4500 |
| 003 - CONTROL NUMBER IDENTIFIER | |
| control field | NUST-PNEC |
| 005 - DATE AND TIME OF LATEST TRANSACTION | |
| control field | 20170116180726.0 |
| 008 - FIXED-LENGTH DATA ELEMENTS--GENERAL INFORMATION | |
| fixed length control field | 141106b xxu||||| |||| 00| 0 eng d |
| 020 ## - INTERNATIONAL STANDARD BOOK NUMBER | |
| International Standard Book Number | 8178351587 |
| 040 ## - CATALOGING SOURCE | |
| Transcribing agency | PNEC |
| 082 ## - DEWEY DECIMAL CLASSIFICATION NUMBER | |
| Classification number | 004 CHA |
| 100 ## - MAIN ENTRY--PERSONAL NAME | |
| 9 (RLIN) | 930 |
| Personal name | Chandra Ramesh |
| 245 ## - TITLE STATEMENT | |
| Title | Information technology in 21st century (in 9 Volumes) Ethical and societal challenge of cyberspace. Volume.6 |
| Statement of responsibility, etc. | Ramesh Chandra |
| 250 ## - EDITION STATEMENT | |
| Edition statement | Volume 6 |
| 260 ## - PUBLICATION, DISTRIBUTION, ETC. | |
| Place of publication, distribution, etc. | New Delhi : |
| Name of publisher, distributor, etc. | Kalpaz Pub., |
| Date of publication, distribution, etc. | c2003. |
| 300 ## - PHYSICAL DESCRIPTION | |
| Extent | 9 v. 296 p. ; |
| Dimensions | 23 cm. |
| 500 ## - GENERAL NOTE | |
| General note | Includes index. |
| 650 ## - SUBJECT ADDED ENTRY--TOPICAL TERM | |
| General subdivision | MIS, Computer |
| 856 ## - ELECTRONIC LOCATION AND ACCESS | |
| Uniform Resource Identifier | <a href="http://www.amazon.com/Information-Technology-Century-Ramesh-Chandra/dp/8178351587/ref=sr_1_1?ie=UTF8&qid=1415259363&sr=8-1&keywords=8178351587">http://www.amazon.com/Information-Technology-Century-Ramesh-Chandra/dp/8178351587/ref=sr_1_1?ie=UTF8&qid=1415259363&sr=8-1&keywords=8178351587</a> |
| 942 ## - ADDED ENTRY ELEMENTS (KOHA) | |
| Source of classification or shelving scheme | |
| Koha item type | Book |
| Withdrawn status | Lost status | Source of classification or shelving scheme | Damaged status | Not for loan | Permanent Location | Current Location | Shelving location | Date acquired | Source of acquisition | Cost, normal purchase price | Total Checkouts | Full call number | Barcode | Date last seen | Cost, replacement price | Price effective from | Koha item type |
|---|---|---|---|---|---|---|---|---|---|---|---|---|---|---|---|---|---|
| Pakistan Navy Engineering College (PNEC) | Pakistan Navy Engineering College (PNEC) | Donated | 900.00 | 004 CHA | PNECLIB-030109 | 11/06/2014 | 900.00 | Book |
